000 00813nam a2200229 a 4500
001 63546
003 BD-RjUL
005 20211209081217.0
008 170131s2000 bg ||||| |||| 00| 0 ben d
020 _a98481528109
_c: TK 100.00
035 _a(BD-RjUL)63675
040 _aBD-RjUL
_bben
_cBD-RjUL
041 _aben
082 _223
_a891.444
_bMAL 2000
100 _aমতিন, জুলফিকার
_9188907
245 1 0 _aলক্ষ্য যেথা স্তির /
_cজুলফিকারা মতিন
260 _aঢাকা :
_bএশিয়া পাবলিকেশন্স,
_c২০০০
300 _a১৪০ পৃ। ;
_c২১ সেমি.
650 _aবাংলা প্রবন্ধ
_9170454
650 _aBengali Essays
_9170481
942 _2ddc
_cBK
999 _c63546
_d63546